Problém diagnostiky a liečby hypertenzie u detí takmer u polovice detí sa vyskytuje fenomén bieleho plášťa

Bibliographic Details
Main Author: Lehotská, Veronika, 1933-2022 (Author)
Format: Article
Language:Slovak
PhysicalDescription:Tab.
ISSN:1335-4477
Subjects:

MARC

LEADER 00000nab a2200000 a 4500
001 vtls000769989
003 SK-MaSNL
005 20260304215235.0
008 140303c2001 xo 0 slo
015 |a SNBRB2001/10-28768 
035 |a CLN000121776 
040 |a SNKBUCL  |b slo  |c SNKBUCL  |e AACR2 
041 0 |a slo 
044 |a xo  |c SK 
080 |a 616.12-008.331.1-053.2  |2 1997 
100 1 |a Lehotská, Veronika,  |d 1933-2022  |4 aut  |9 242119 
245 1 0 |a Problém diagnostiky a liečby hypertenzie u detí  |b takmer u polovice detí sa vyskytuje fenomén bieleho plášťa  |c Veronika Lehotská 
300 |b Tab. 
650 0 7 |a hypertenzia  |2 SNKPH  |9 2490 
650 0 7 |a diagnostika (medicína)  |2 SNKPH  |9 28740 
650 0 7 |a terapia  |2 SNKPH  |9 781 
650 0 7 |a deti  |2 SNKPH  |9 773 
655 7 |a články z novín a časopisov  |2 SNK  |9 267496 
773 0 |t Zdravotnícke noviny  |g Roč. 6, č. 34 (2001)  |x 1335-4477 
773 0 |t [Príl.] Lekárske listy  |g Č. 34 (2001), s. 12-13  |x 1335-4477 
850 |a Slovenská národná knižnica v Martine 
852 |a SNK  |b KIS3GCP 
958 |a MI 
992 |a RBX 
999 |c 3145454  |d 3147384